A 6th bowl of chicken soup for the soul : (Record no. 10091)

MARC details
000 -LEADER
fixed length control field 00783nam a22002177a 4500
003 - CONTROL NUMBER IDENTIFIER
control field OSt
005 - DATE AND TIME OF LATEST TRANSACTION
control field 20260430031006.0
008 - FIXED-LENGTH DATA ELEMENTS--GENERAL INFORMATION
fixed length control field 260430b |||||||| |||| 00| 0 eng d
020 ## - INTERNATIONAL STANDARD BOOK NUMBER
International Standard Book Number 97816236110739
040 ## - CATALOGING SOURCE
Original cataloging agency DWCL Main Lib.
Transcribing agency OC
082 ## - DEWEY DECIMAL CLASSIFICATION NUMBER
Classification number Prof. 158.1 C222a 2012
100 ## - MAIN ENTRY--PERSONAL NAME
Personal name Canfield, Jack
Dates associated with a name Author
245 ## - TITLE STATEMENT
Title A 6th bowl of chicken soup for the soul :
Remainder of title more stories to open the heart and rekindle the spirit /
Statement of responsibility, etc. Jack Canfield, Mark Victor Hansen
260 ## - PUBLICATION, DISTRIBUTION, ETC.
Place of publication, distribution, etc. US :
Name of publisher, distributor, etc. Chicken Soup for the Soul Publishing,
Date of publication, distribution, etc. c2012.
300 ## - PHYSICAL DESCRIPTION
Extent xi , 355 pages :
Other physical details illustrations ;
Dimensions 21cm.
490 ## - SERIES STATEMENT
Series statement From the classic bestselling series
650 ## - SUBJECT ADDED ENTRY--TOPICAL TERM
Topical term or geographic name entry element 1. Spiritual life -- Anecdotes.
650 ## - SUBJECT ADDED ENTRY--TOPICAL TERM
Topical term or geographic name entry element 2. Anecdotes.
700 ## - ADDED ENTRY--PERSONAL NAME
Personal name I. Hansen, Mark Victor
Relator term Author
942 ## - ADDED ENTRY ELEMENTS (KOHA)
Source of classification or shelving scheme Dewey Decimal Classification
Koha item type Professional Collections
Suppress in OPAC No
952 ## - LOCATION AND ITEM INFORMATION (KOHA)
--
Holdings
Withdrawn status Lost status Source of classification or shelving scheme Damaged status Not for loan Home library Current library Shelving location Date acquired Source of acquisition Cost, normal purchase price Total Checkouts Full call number Barcode Date last seen Copy number Price effective from Koha item type Uniform Resource Identifier
    Dewey Decimal Classification     Junior High School Library Junior High School Library Professional 09/19/2016 Library Fund 565.00   Prof. 158.1 C222a 2012 JHS - 19023 04/30/2026 c1 04/30/2026 PROF.